Capoluoghi che iniziano con la P - Statistics

Statistiche generali
  • Questo quiz è stato fatto 89 volte
  • Il punteggio medio è 12 su 13
Statistiche sulle risposte
Popolazione (ab.) Regione Capoluogo % Corretto
90 300 Toscana Pisa
100%
665 566 Sicilia Palermo
99%
197 132 Emilia-Romagna Parma
97%
119 820 Abruzzo Pescara
97%
51 183 Friuli-Venezia Giulia Pordenone
97%
66 970 Basilicata Potenza
97%
165 765 Umbria Perugia
96%
94 882 Marche Pesaro
95%
210 928 Veneto Padova
93%
194 390 Toscana Prato
93%
103 202 Emilia-Romagna Piacenza
92%
72 954 Lombardia Pavia
88%
90 118 Toscana Pistoia
86%
Nessun quiz corrispondente trovato
Distribuzione punteggi
Percentuale di utenti per punteggio
Percentile per numero di risposta
I tuoi punteggi nel tempo
Non hai fatto questo quiz